000
00224nam a2200097Ia 4500
008
120527s9999 xx 000 0 und d
100
_a
BALOGUN, Saka
245
_a
80 glorious Year of Soun
260
_b
Celebrity
942
_c
BK
999
_c
25340
_d
25340